14 langkah cemerlang dalam pengurusan masa

Bibliographic Details
Main Author: Muhammad Ahmad Abdul Jawwad
Corporate Author: Title
Format: Book
Published: Kuala Lumpur : Jasmin Enterprise , 2004
Subjects:

MARC

LEADER 00000cam a2200000 7i4500
001 0000012190
005 20071207.0
008 071207
020 |a 9833128378 
090 0 0 |a 658   |b MUH 
100 0 |a Muhammad Ahmad Abdul Jawwad 
245 1 0 |a 14 langkah cemerlang dalam pengurusan masa   |c Muhammad Ahmad Abdul Jawwad 
260 |a Kuala Lumpur :   |b Jasmin Enterprise ,   |c 2004 
650 0 |a Malay fiction 
650 0 |a Management 
650 0 |a Motivation(Psychology) 
650 0 |a Time management 
710 0 |a Title 
999 |a 0001004764   |b Book   |c Adult Collection   |e Perbadanan Perpustakaan Awam Johor 
999 |a 0001004765   |b Book   |c Adult Collection   |e Cawangan Urban Transformation Centre 
999 |a 0001009057   |b Book   |c Adult Collection   |e Cawangan Urban Transformation Centre 
999 |a 0001009058   |b Book   |c Adult Collection   |e Perbadanan Perpustakaan Awam Johor